Mies van der Rohe: arquitectura y diseño en Stuttgart, Barcelona y Brno

Saved in:
Bibliografiske detaljer
Format: Bog
Sprog:spansk
Udgivet: s.l Skira 2001
Fag:
Tags: Tilføj Tag
Ingen Tags, Vær først til at tagge denne postø!

MARC

LEADER 00000nam a2200000 a 4500
001 UCM5753
003 CL-VaPUC
008 021018e20010000sp |||||||||||||||||spa|d
082 0 4 |a 720.92  |b MIE  |2 21 
245 1 0 |a Mies van der Rohe: arquitectura y diseño en Stuttgart, Barcelona y Brno 
300 |a 217 p 
942 |c BK 
945 |d 20021018 00:00:00  |a cmena 
260 |a s.l  |b Skira  |c 2001 
600 0 |a Mies Van der Rohe, Ludwig,  |d 1886-1969  |9 269040 
650 0 |a Arquitectura moderna  |9 265021 
650 0 |a Diseño arquitectónico   |9 265271 
650 0 |a Diseño de muebles  |9 266980 
583 |a last modification  |c 20171213 02:17:44  |k Rodrigo Vera 
999 |c 301611  |d 301609 
952 |0 0  |1 0  |4 0  |6 720_920000000000000_MIE_2001  |7 0  |8 A  |9 360786  |a BIBARQ  |b BIBARQ  |d 2019-11-21  |i 384286K  |l 2  |o 720.92 MIE 2001  |p 384286K  |r 2025-01-20  |s 2024-10-28  |w 2019-11-21  |y BK  |k ARQ